|
|
|
|
| LEADER |
00000nam a2200000 a 4500 |
| 001 |
UCO9239 |
| 003 |
CL-VaPUC |
| 008 |
010125e20000000CL |||||||||||||||||spa|d |
| 082 |
0 |
4 |
|a 372.372
|b ABA
|2 21
|
| 100 |
0 |
|
|a Abatte, Paola
|e author
|9 454272
|
| 700 |
0 |
|
|a Arriagada, Paula
|e author
|9 454273
|
| 700 |
0 |
|
|a González, Germán
|e author
|9 454274
|
| 245 |
1 |
0 |
|a Texto guía para la autogestión de jornadas de conversación sobre afectividad y sexualidad
|
| 300 |
|
|
|a 158 p
|
| 942 |
|
|
|c BK
|
| 945 |
|
|
|d 20010125 00:00:00
|a vberengu
|
| 260 |
|
|
|a Santiago
|b Mineduc
|c 2000
|
| 650 |
|
0 |
|a Comportamiento sexual
|9 334955
|
| 650 |
|
0 |
|a Educación sexual
|9 308005
|
| 650 |
|
7 |
|a MATERIAS DEL CURRICULO
|2 CL-VaPUC
|9 362159
|
| 583 |
|
|
|a last modification
|c 20010125 00:00:00
|k Rodrigo Vera
|
| 999 |
|
|
|c 293511
|d 293509
|
| 952 |
|
|
|0 0
|1 0
|4 0
|6 372_372000000000000_ABA_2000
|7 0
|8 A
|9 345082
|a BIBEDU
|b BIBEDU
|d 2019-11-20
|i 3685896
|o 372.372 ABA 2000
|p 3685896
|r 2019-11-20
|w 2019-11-20
|y BK
|k BME
|